000
00244nam a22001217a 4500
082
_a
474
_b
APJ/B
100
_a
ABDULKALAM,A.P.J
245
_a
BHARATH KEE AAVAS
260
_a
RAJPAL
_c
2017
300
_a
179
650
_a
ESSAY
_z
DELHI
942
_c
BK
999
_c
4164
_d
4164